Datum a čas kvízu

28 Celkem bodů Celkový počet nahraných bodů na tomto kvízu bez doplňovacích otázek.
11. Pořadí na kvízu Konečné umístění týmu na tomto kvízu.

Zaznamenané odpovědi

# Otázka Odpověď Body Výsledky
1. Minulý týden se v Praze konal... půllitry s pivem 1
2. Sarah Mullally stanula minulý... o anglikánskou církev 1
3. Na filmovém festivalu v Curych... Byla vytvořena umělou inteligencí (AI). 1
4. Minulý týden bylo oznámeno, že... Electronic Arts (EA) 0
5. Nejvyšší česká fotbalová liga... FC Viktoria Plzeň, FK Pardubice 1
6. Wikipedii s nejvyšší pravděpod... z havajštiny 1
7. Fanoušci kvízu občas jistě se... D 0
8. Dobrým zdrojem informací jsou... Michal Suchánek, Richard Genzer 0
9. Mnemotechnické pomůcky se hodí... struny na kytaře (pořadí strun/tónů) 0
10. Někdy však k úspěchu v kvízu s... 1D 2C 3A 4B 1